000
00325nam a2200133Ia 4500
008
151001s9999||||xx |||||||||||||| ||und||
100
_a
बंडा यज्ञपावित
245
_a
वर्तुळ
250
_a
1
260
_b
अथर्व
260
_c
2010
300
_a
200
365
_b
21
999
_c
996273
_d
996270